5 pasos para transformar una oficina de personal en un área de recursos humanos /

Bibliographic Details
Main Author: Alles, Martha Alicia (Author)
Format: Electronic eBook
Language:Spanish
Published: Buenos Aires : Granica, [2005]
Series:Recursos humanos.
Subjects:
Online Access:Digitalia Hispánica

MARC

LEADER 00000nam a2200000Ii 4500
001 DIGGRANC0058
003 NyNyDIG
006 m o d
007 cr |||||||||||
008 250915s2005 ag a o 000 0 spa d
035 |a (OCoLC)729364773 
040 |a DGITA  |b eng  |e rda  |e pn  |c DGITA 
020 |a 9789506417529  |q eBook 
020 |z 9789506410230 
050 1 4 |a HF5549 ebook 
082 0 4 |a 658.3  |2 23 
100 1 |a Alles, Martha Alicia,  |e author. 
245 1 0 |a 5 pasos para transformar una oficina de personal en un área de recursos humanos /  |c Martha Alicia Alles. 
246 3 |a Cinco pasos para transformar una oficina de personal en un área de recursos humanos 
264 1 |a Buenos Aires :  |b Granica,  |c [2005] 
300 |a 1 online resource :  |b illustrations. 
336 |a text  |b txt  |2 rdacontent 
337 |a computer  |b c  |2 rdamedia 
338 |a online resource  |b cr  |2 rdacarrier 
347 |a text file  |2 rdaft 
347 |b PDF 
490 1 |a Recursos humanos 
588 0 |a Online resource; title from PDF title page (Digitalia, viewed September 15, 2025) 
650 0 |a Personnel management. 
791 2 |a Digitalia (Firm),  |e distributor. 
793 0 |g Digitalia eBook Collection:  |a Granica 
776 0 8 |i Print version:  |a Alles, Martha Alicia.  |t 5 Pasos para transformar una oficina de personal en un área de recursos humanos.  |d Buenos Aires : Granica, [2005]  |z 9789506410230 
830 0 |a Recursos humanos. 
856 4 0 |3 Digitalia Hispánica  |u https://www.digitaliapublishing.com/a/85619/ 
910 |a Premium collection: 2025